| 000 | 01056nam a2200205 a 4500 | ||
|---|---|---|---|
| 001 | 48178 | ||
| 005 | 20180714032408.0 | ||
| 008 | 140415s2000 mx 000 0 spa d | ||
| 020 | _a9681915585 | ||
| 041 | _aspa | ||
| 082 |
_a863 _bBEN |
||
| 100 | 1 | _aBENEDETTI, MARIO | |
| 245 | 1 | 0 | _aQUIEN DE NOSOTROS |
| 250 | _a1a ed. | ||
| 260 |
_aMEXICO : _bSANTILLANA EDICIONES GENERALES, S.A. DE C.V., _c2000 |
||
| 300 |
_a224 _c14.5 x 1 x 23.8 |
||
| 490 | _aALFAGUARA | ||
| 520 | _aUN MATRIMONIO EN APARIENCIA FELIZ ENTRA EN CRISIS PORQUE UN AMIGO DE LA PAREJA PARECE TENER ENORME ATRACTIVO PARA LA MUJER, QUIEN DISFRUTA DE SU COMPAÑÍA, RÍE CON SUS BROMAS, SE APASIONA CON SUS TEMAS DE CONVERSACIÓN. EL MARIDO OBSERVA TODO ESTO CON CIERTO TEMOR DE PERDER A SU AMADA, Y TERMINA EN UNA ENCRUCIJADA DONDE EL AMOR Y LA AMISTAD PARECEN SEGUIR RUTAS SEPARADA...¿O PODRÍAN TAL VEZ COMPARTIRSE ENTRE TRES? LA INTENSA HISTORIA DE ALICIA, MIGUEL Y LUCAS REVELA MÁS DE UNA VERDAD SOB | ||
| 650 | 1 | 4 |
_aNOVELA URUGUAYA _xLITERATURA URUGUAYA _xSIGLO XX |
| 999 |
_c48178 _d48178 |
||